000 00458nam a2200181Ia 4500
001 1736
005 20260306143750.0
008 260306t2012||||xx |||||||||||||| ||spa||
041 _aESP
082 _a155.28
_bG79
100 _aGregory, Robert J.
_eAUT
245 0 _aPruebas psicológicas:
_bhistoria, principios y aplicaciones
260 _c2012
300 _axix, 624 páginas :
_c25 cm.
650 _aGEN
654 _aCPS
942 _cLIB
_dJUS
_fJUS
_2ddc
_n
999 _c1736
_d1736